00409 2200145 4500001002100000005001500021035002400036090002300060245008400083260002400167300002400191990001600215990001600231990001600247YOGYA00000000009657020140823120731 0010-081400000096287 aNUS 305.8911 Nas K aKomunitas Cina di Medan : Dalam Lintas Tiga Kekuasaan 1930-1960cNasrul Hamdani aJakartabLIPIc2013 av, 227 hlm.c21 cm. a631-pd/b.13 a632-pd/b.13 a633-pd/b.13